[Event "ROM-ch U14"]
[White "Carasca, Bogdan Petru"]
[Black "Ion, Dragos Cosmin"]
[Site "Calimanesti"]
[Round "4"]
[Result "1-0"]
[Date "2014.04.09"]
[WhiteElo "1573"]
[BlackElo "1399"]
[PlyCount "61"]
[EventDate "2014.04.06"]
[EventType "swiss"]
[EventRounds "9"]
[EventCountry "ROU"]
[SourceTitle "CBM 160 Extra"]
[Source "ChessBase"]
[SourceDate "2014.07.01"]
[SourceVersion "1"]
[SourceVersionDate "2014.07.01"]
[SourceQuality "1"]

1. d4 Nf6 2. c4 e6 3. Nc3 Bb4 4. Qc2 b6 5. Nf3 Bb7 6. Bg5 0-0 7. e3 d6 8. Be2 Nbd7 9. a3 Bxc3+ 10. Qxc3 c5 11. Qb3 Qc7 12. 0-0 d5 13. Bf4 Qc6 14. cxd5 Qxd5 15. Qxd5 Bxd5 16. Bd6 Rfc8 17. Ba6 Rc6 18. Bg3 Rac8 19. Bxc8 Rxc8 20. Ne5 Nxe5 21. Bxe5 Ne4 22. Rac1 Nd2 23. Rfd1 Nc4 24. e4 Nxb2 25. exd5 Nxd1 26. Rxd1 cxd4 27. dxe6 fxe6 28. Bxd4 Rd8 29. Rd2 e5 30. Be3 Rc8 31. g3 1-0

[Event "ROM-ch U14"]
[White "Calin, Alexandru"]
[Black "Carasca, Bogdan Petru"]
[Site "Calimanesti"]
[Round "1"]
[Result "1-0"]
[Date "2014.04.06"]
[WhiteElo "1874"]
[BlackElo "1573"]
[PlyCount "117"]
[EventDate "2014.04.06"]
[EventType "swiss"]
[EventRounds "9"]
[EventCountry "ROU"]
[SourceTitle "CBM 160 Extra"]
[Source "ChessBase"]
[SourceDate "2014.07.01"]
[SourceVersion "1"]
[SourceVersionDate "2014.07.01"]
[SourceQuality "1"]

1. d4 Nf6 2. Nf3 g6 3. c4 Bg7 4. Nc3 0-0 5. e4 d6 6. h3 Nbd7 7. Be3 c6 8. Be2 Ne8 9. 0-0 Nc7 10. Qc2 a6 11. a4 a5 12. Rfd1 Na6 13. Rac1 c5 14. Qd2 Qc7 15. Nd5 Qd8 16. Bh6 Nb4 17. Bxg7 Kxg7 18. b3 Nxd5 19. exd5 b6 20. Bf1 Ba6 21. Re1 Nf6 22. Rc3 Ng8 23. Rce3 Bc8 24. Qc3 f6 25. R1e2 Ra7 26. Ne1 h5 27. f3 Kh6 28. Qd2 g5 29. g4 Qe8 30. Ng2 f5 31. f4 Qg6 32. fxg5+ Qxg5 33. h4 Qxg4 34. Rg3+ Kh7 35. Rxg4 hxg4 36. Nf4 Nh6 37. h5 Nf7 38. Ng6 Re8 39. dxc5 bxc5 40. Qf4 Rb7 41. Re3 Nh6 42. Be2 Ra7 43. Bd1 Rb7 44. Bc2 Kg7 45. Qg5 Nf7 46. Qh4 Kh6 47. Rxe7 Ne5 48. Rxe8 Nf3+ 49. Kf2 Nxh4 50. Nxh4 Bd7 51. Re7 f4 52. Bf5 Rxb3 53. Bxd7 Kg5 54. Rg7+ Kxh4 55. Bxg4 Rg3 56. h6 f3 57. Bxf3 Rg2+ 58. Rxg2 Kh3 59. h7 1-0